La Teoría del nacionalismo, comunidades imaginadas y el antiimperialismo /
Guardado en:
| Autor principal: | |
|---|---|
| Formato: | Texto |
| Materias: | |
| Etiquetas: |
Agregar Etiqueta
Sin Etiquetas, Sea el primero en etiquetar este registro!
|
MARC
| LEADER | 00000 a a2200000 04500 | ||
|---|---|---|---|
| 001 | 15588 | ||
| 003 | |||
| 040 | |||
| 100 | |a Pakkasvirta, Jussi | ||
| 245 | |a La Teoría del nacionalismo, comunidades imaginadas y el antiimperialismo / |c Jussi Pakkasvirta | ||
| 650 | |a NACIONALISMO | ||
| 650 | |a IMPERIALISMO | ||
| 650 | |a MODERNIZACION | ||
| 650 | |a NACION | ||
| 773 | |g número 3 -4; páginas 56-65 | ||
| 999 | |c 39036 |d 39036 | ||
